000 00419nam a2200181Ia 4500
001 4092
005 20260306145730.0
008 260306t2004||||xx |||||||||||||| ||spa||
041 _aESP
082 _a306.85
_bH12 Nº60
100 _aCorominas, Fernando
_eAUT
245 0 _aEducar en Positivo
260 _c2004
300 _a224 páginas :
_c19 cm.
650 _aGEN
654 _aCED
942 _cLIB
_dJUS
_fJUS
_2ddc
_n
999 _c4092
_d4092